ბათუმის შოთა რუსთაველის სახელმწიფო უნივერსიტეტის ბიბლიოთეკა

Предварительно напряженные железобетонные конструкции(теория расчет и подбор сечении). (ბიბ.ჩანაწერი № 38721)

000 -LEADER
fixed length control field 00777nam a2200205Ia 4500
001 - CONTROL NUMBER
control field 5031
003 - CONTROL NUMBER IDENTIFIER
control field GE_BSU
008 - FIXED-LENGTH DATA ELEMENTS--GENERAL INFORMATION
fixed length control field 181216s||||||||xx |||||||||||||| ||und||
040 ## - CATALOGING SOURCE
Transcribing agency GE_BSU
100 ## - MAIN ENTRY--PERSONAL NAME
Personal name Михаилов,В.В.
245 ## - TITLE STATEMENT
Title Предварительно напряженные железобетонные конструкции(теория расчет и подбор сечении).
245 ## - TITLE STATEMENT
Remainder of title Учебн. пособ.
245 ## - TITLE STATEMENT
Statement of responsibility, etc. Ред. Т.В.Горячева.
260 ## - PUBLICATION, DISTRIBUTION, ETC.
Place of publication, distribution, etc. М.
260 ## - PUBLICATION, DISTRIBUTION, ETC.
Name of publisher, distributor, etc. Госстройиздат.
260 ## - PUBLICATION, DISTRIBUTION, ETC.
Date of publication, distribution, etc. 1963.
300 ## - PHYSICAL DESCRIPTION
Extent 607стр. 27 см. с илл. Библиогр.:стр.601.
653 ## - INDEX TERM--UNCONTROLLED
Uncontrolled term Предварительно напряженные железобетонные конструкции.
942 ## - ADDED ENTRY ELEMENTS (KOHA)
Koha item type წიგნი
ეგზემპლარები
Withdrawn status Lost status Damaged status Not for loan Date acquired Barcode Date last seen Price effective from Koha item type
        2018-12-17 11446 2018-12-17 2018-12-17 წიგნი
        2018-12-17 11447 2018-12-17 2018-12-17 წიგნი